Význam NATO klesá a bude klesať Ján Čarnogurský odchádza z vrcholnej politiky ...

Bibliographic Details
Main Authors: Slišková, Nora (ain), Čarnogurský, Ján, 1944- (Author, uin)
Format: Article
Language:Slovak
PhysicalDescription:Fotogr.
ISSN:1335-4051
Subjects:

MARC

LEADER 00000nab a2200000 a 4500
001 vtls000810651
003 SK-MaSNL
005 20260302150600.0
008 180205c2002 xo 0 slo
015 |a SNBRB2002/10-32734 
035 |a CLN000162306 
040 |a SNKBUCL  |b slo  |c SNKBUCL  |e AACR2 
041 0 |a slo 
044 |a xo  |c SK 
080 |a 34-051  |2 UDC-MRF-SK2 
100 1 |a Slišková, Nora  |4 ain  |9 266806 
245 1 0 |a Význam NATO klesá a bude klesať  |b Ján Čarnogurský odchádza z vrcholnej politiky ...  |c [zhovárala sa] Nora Slišková 
300 |b Fotogr. 
600 1 7 |a Čarnogurský, Ján,  |d 1944-  |2 snkbucl  |9 196516 
655 7 |a články z novín a časopisov  |2 snkbucl  |9 267496 
700 1 |a Čarnogurský, Ján,  |d 1944-  |4 aut  |4 uin  |9 196516 
773 0 |x 1335-4051  |t Pravda  |g Roč. 12, č. 232 (5.10.2002), s. 1 a 6 
850 |a Slovenská národná knižnica v Martine 
852 |a SNK  |b KIS3GCP 
958 |a RBX 
999 |c 1357621  |d 1359551